Handbook of behavioral neuroscience : (Record no. 101347)

MARC details
000 -LEADER
fixed length control field 01149nam a2200325 a 4500
008 - FIXED-LENGTH DATA ELEMENTS--GENERAL INFORMATION
fixed length control field
020 ## - INTERNATIONAL STANDARD BOOK NUMBER
International Standard Book Number 9780128031612 (hardback)
040 ## - CATALOGING SOURCE
Original cataloging agency NUST
Transcribing agency NUST
049 ## - LOCAL HOLDINGS (OCLC)
Holding library MAIN
090 ## - LOCALLY ASSIGNED LC-TYPE CALL NUMBER (OCLC); LOCAL CALL NUMBER (RLIN)
Classification number (OCLC) (R) ; Classification number, CALL (RLIN) (NR) REF RM315
Local cutter number (OCLC) ; Book number/undivided call number, CALL (RLIN) TRA
003 - CONTROL NUMBER IDENTIFIER
control field
005 - DATE AND TIME OF LATEST TRANSACTION
control field 20230120191441.0
245 10 - TITLE STATEMENT
Title Handbook of behavioral neuroscience :
Remainder of title translational medicine in CNS drug development volume 29/
Statement of responsibility, etc. edited by George G Nomikos & Doglas E Feltner.
260 ## - PUBLICATION, DISTRIBUTION, ETC.
Place of publication, distribution, etc. London :
Date of publication, distribution, etc. Academic Press,
-- 2019.
300 ## - PHYSICAL DESCRIPTION
Extent xvi, 442 pages :
Other physical details illustrations (some colour) ;
Dimensions 29 cm.
336 ## - CONTENT TYPE
Content type term text
Content type code txt
Source rdacontent
337 ## - MEDIA TYPE
Media type term unmediated
Media type code n
Source rdamedia
338 ## - CARRIER TYPE
Carrier type term volume
Carrier type code nc
Source rdacarrier
500 ## - GENERAL NOTE
General note Includes index.
504 ## - BIBLIOGRAPHY, ETC. NOTE
Bibliography, etc. note Includes bibliographical references.
650 #1 - SUBJECT ADDED ENTRY--TOPICAL TERM
Topical term or geographic name entry element Drug development.
650 ## - SUBJECT ADDED ENTRY--TOPICAL TERM
Topical term or geographic name entry element Neuropsychopharmacology.
650 ## - SUBJECT ADDED ENTRY--TOPICAL TERM
Topical term or geographic name entry element Biochemical markers.
650 ## - SUBJECT ADDED ENTRY--TOPICAL TERM
Topical term or geographic name entry element Central nervous system
General subdivision Diseases
Form subdivision Treatment.
650 ## - SUBJECT ADDED ENTRY--TOPICAL TERM
Topical term or geographic name entry element Cognitive neuroscience.
700 ## - ADDED ENTRY--PERSONAL NAME
Personal name Nomikos, George G.,
-- editor.
700 ## - ADDED ENTRY--PERSONAL NAME
Personal name Feltner, Douglas E.,
-- editor.
907 ## - LOCAL DATA ELEMENT G, LDG (RLIN)
a .b10414988
b 03-03-22
c 02-03-22
942 ## - ADDED ENTRY ELEMENTS (KOHA)
Koha item type Ordinary Loan Books
Call number prefix REF RM315
Call number suffix TRA
Holdings
Date last seen Total Checkouts Full call number Barcode Cost, replacement price Price effective from Koha item type Lost status Source of classification or shelving scheme Damaged status Not for loan Collection Withdrawn status Home library Current library Shelving location Date acquired Cost, normal purchase price
01/20/2023   REF RM315 HAN 92004051439 80.00 01/20/2023 BOOKS   LCC     NFIC   MAIN MAIN GEN 01/20/2023 80.00